00519nam a2200193 a 4500001001300000003000900013005001700022008004100039020002300080082001300103100003200116245001500148260004500163300000900208500003500217505002800252650001300280700003200293nice12345678IN_TiNIC20260116015034.0050524s2003 gena grp 000 0 eng  a3906706 c10000a230bLUT aLutheran World Federation,  aStudy Book aGenevabLutheran World Federation c2003 a240p aincludes index and biblioraphy2 aForeign Parts 1701-1950 aTheology1 aLutheran World Federation,